De plantis toxicariis e mundo novo tropicale commentationes XXIII: notes on biodynamic plants of aboriginal use in the northwestern Amazonia (Registro nro. 11350)

Detalles MARC
000 -CABECERA
Campo de control 006360000a22001810004500
090 ## - CLASIFICACIÓN LOCAL
Colección AR
Consecutivo 02278
041 0# - IDIOMA
Código de idioma para texto/pista de sonido o título separado
100 1# - ASIENTO PRINCIPAL--NOMBRE PERSONAL
Nombre personal Evans Schultes, Richard
245 10 - MENCION DE TITULO
Título De plantis toxicariis e mundo novo tropicale commentationes XXIII: notes on biodynamic plants of aboriginal use in the northwestern Amazonia
650 14 - ASIENTO SECUNDARIO DE MATERIA - TERMINO TEMATICO
Término temático o nombre geográfico como elemento de entrada Etnobotánica
650 14 - ASIENTO SECUNDARIO DE MATERIA - TERMINO TEMATICO
Término temático o nombre geográfico como elemento de entrada Conocimiento tradicional
650 14 - ASIENTO SECUNDARIO DE MATERIA - TERMINO TEMATICO
Término temático o nombre geográfico como elemento de entrada Toxicología
650 14 - ASIENTO SECUNDARIO DE MATERIA - TERMINO TEMATICO
Término temático o nombre geográfico como elemento de entrada Taxonomía vegetal
650 14 - ASIENTO SECUNDARIO DE MATERIA - TERMINO TEMATICO
Término temático o nombre geográfico como elemento de entrada Indígenas
651 #4 - ASIENTO SECUNDARIO DE MATERIA - NOMBRE GEOGRAFICO
-- Colombia
773 1# - Item fuente:
Título Botanical Museum Leaflets
Especificación de materiales 1203
Descripción física 5
Paginas del Articulo 177-197
Lugar, editorial y fecha de publicación 1978
Información sobre la relación 26
942 ## - ELEMENTOS ADICIONALES (KOHA)
Tipo de ítem Artículo
Existencias
Withdrawn status Lost status Damaged status No para préstamo Colección Ubicación Permanente Ubicación actual Fecha de adquisición Fuente de Valor Datos de publicación Seriada Total Checkouts Número topográfico Inventario / Código de Barras Date last seen Ejemplar Price effective from Forma de adquisición Tipo de material
      No para Préstamo Hemeroteca Bogotá Bogotá 27/02/2015 Instituto de Ciencias Naturales Fuera de circulación   AR 02278 012667 25/03/2015 1 25/03/2015   Artículo